000 004530000a22001690004500
003 MACL
005 20160101140444.0
008 160101b xxu||||| |||| 00| 0 eng d
040 _aMACL
_cMACL
041 _aEnglish
082 _a508.3/RHY
100 _aTyndall, John
_926387
245 _aThe Glaciers of the Alps & Mountain Eering in
260 _bJ M Dent & Sons LTD
_c1861
_aLondon
650 _aNatural History
_95610
942 _cBK
_k508.3/RHY
_2ddc
999 _c36765
_d36765